00747cam a22002295i 450000100090000000300090000900500170001800800410003501000170007602000180009304000280011104200080013908200240014710000200017124500850019126000300027626300090030630000130031550200060032885600910033485600920042517873617USPCAS-E20180118181415.0130903s2013 nyu 000 0 eng  a 2013949411 a9783319019871 aDLCbengcDLCerdadDLC apcc a621.31244bHIG 20141 aWang, Xiaodong.10aHigh-efficiency solar cells :bphysics, materials, and devices /cXiaodong Wang. aLondon:bSpringer,cc2014 a1311 apages cm a0423Publisher descriptionuhttp://www.loc.gov/catdir/enhancements/fy1317/2013949411-d.html413Table of contents onlyuhttp://www.loc.gov/catdir/enhancements/fy1317/2013949411-t.html